000 00778nam a2200205 a 4500
001 BRL_1459
005 20190320211222.0
008 160114s1993----mx-a######---#000-0#spa-#
041 _aspa
044 _amx
050 4 _aE125.C3
_b.U55 1993
245 1 0 _aUnidad
_bcamino de reconciliación y esperanza : Fray Bartolomé de las Casas, homenaje.
260 _aTuxtla Gutiérrez, México
_bGobierno del Estado de Chiapas
_c1993
300 _a101 p.
_bil. (algunas a color), mapas
_c22 cm.
500 _aIncluye índice de ilustraciones
600 1 4 _aCasas, Bartolomé de las
_d1474-1566
_xAniversarios, etc.
_926988
650 1 4 _aIndígenas de México
_xCondiciones sociales
_zChiapas - México
_926989
651 4 _aChiapas (México)
_xCondiciones sociales
_923202
942 _2lcc
_cB
999 _c10269
_d10269